| 000 | 00000nam 2200000zi 4500 |
| 001 | 9.945685 |
| 003 | CaOODSP |
| 005 | 20250106103747 |
| 006 | m o d f |
| 007 | cr cn||||||||| |
| 008 | 241127t20102010bccabo o f|0| 0 eng d |
| 040 | |aCaOODSP|beng|erda|cCaOODSP |
| 041 | |aeng|afre |
| 043 | |an-cn--- |
| 086 | 1 |aR62-420/2010-PDF |
| 245 | 00|aCanada's National Parks : |ba celebration = Les parcs nationaux du Canada : une célébration. |
| 246 | 11|aLes parcs nationaux du Canada : une célébration |
| 264 | 1|aVancouver, British Columbia : |b[Parks Canada = Parcs Canada], |c[2010] |
| 264 | 4|c©2010 |
| 300 | |a1 online resource (255 pages) : |billustrations, maps, photographs |
| 336 | |atext|btxt|2rdacontent |
| 337 | |acomputer|bc|2rdamedia |
| 338 | |aonline resource|bcr|2rdacarrier |
| 500 | |aDigitized edition from print [produced by the Publishing and Depository Services Directorate]. |
| 520 | |a"National Parks were initially created because they were spectacular places whose grandeur evoked a sense of awe and appreciation of Canada's unparalleled beauty in those who travelled to visit them. In the early days, protecting their biological richness was a secondary benefit of their designation. Over the decades, the era of awe-inspiring vistas as the motivator for park establishment has evolved to include a mandate of protecting ecosystems for the benefit and enjoyment of Canadians"--Foreword, page 9. |
| 546 | |aText in French and English side by side. |
| 650 | 0|aNational parks and reserves|zCanada. |
| 710 | 2 |aParks Canada, |eissuing body. |
| 788 | |tCanada's National Parks : |efre|w(CaOODSP)9.946518 |
| 856 | 40|qPDF|s365 MB|uhttps://publications.gc.ca/collections/collection_2024/pc/R62-420-2010.pdf |